Frontline nationalism in Angola & Mozambique / (Record no. 121408)
[ view plain ]
| 000 -LEADER | |
|---|---|
| fixed length control field | 01375cam a2200349 a 4500 |
| 001 - CONTROL NUMBER | |
| control field | 2978461 |
| 003 - CONTROL NUMBER IDENTIFIER | |
| control field | ARRUPE |
| 005 - DATE AND TIME OF LATEST TRANSACTION | |
| control field | 20141209140018.0 |
| 008 - FIXED-LENGTH DATA ELEMENTS--GENERAL INFORMATION | |
| fixed length control field | 920828s1992 njuab b 001 0 eng |
| 010 ## - LIBRARY OF CONGRESS CONTROL NUMBER | |
| LC control number | 92032977 |
| 020 ## - INTERNATIONAL STANDARD BOOK NUMBER | |
| International Standard Book Number | 0865433674 |
| 020 ## - INTERNATIONAL STANDARD BOOK NUMBER | |
| International Standard Book Number | 0865433682 (pbk.) |
| 040 ## - CATALOGING SOURCE | |
| Original cataloging agency | DLC |
| Transcribing agency | DLC |
| Modifying agency | DLC |
| 043 ## - GEOGRAPHIC AREA CODE | |
| Geographic area code | f-ao--- |
| -- | f-mz--- |
| 050 00 - LIBRARY OF CONGRESS CALL NUMBER | |
| Classification number | DT1402 |
| Item number | .B57 1992 |
| 082 00 - DEWEY DECIMAL CLASSIFICATION NUMBER | |
| Classification number | 967.3/03 |
| Edition number | 20 |
| 300 ## - PHYSICAL DESCRIPTION | |
| Other physical details | ill., maps ; |
| Dimensions | 23 cm. |
| 100 1# - MAIN ENTRY--PERSONAL NAME | |
| Personal name | Birmingham, David. |
| 9 (RLIN) | 13113 |
| 245 10 - TITLE STATEMENT | |
| Title | Frontline nationalism in Angola & Mozambique / |
| Statement of responsibility, etc | David Birmingham |
| 260 ## - PUBLICATION, DISTRIBUTION, ETC. (IMPRINT) | |
| Place of publication, distribution, etc | Trenton, N.J. : |
| Name of publisher, distributor, etc | Africa World Press, Inc. |
| Date of publication, distribution, etc | 1992. |
| 300 ## - PHYSICAL DESCRIPTION | |
| Extent | vi, 122 p. : |
| 504 ## - BIBLIOGRAPHY, ETC. NOTE | |
| Bibliography, etc | Includes bibliographical references (p. 116-117) and index. |
| 650 #0 - SUBJECT ADDED ENTRY--TOPICAL TERM | |
| Topical term or geographic name as entry element | Nationalism |
| Geographic subdivision | Angola |
| General subdivision | History |
| Chronological subdivision | 20th century. |
| 9 (RLIN) | 13114 |
| 650 #0 - SUBJECT ADDED ENTRY--TOPICAL TERM | |
| Topical term or geographic name as entry element | Nationalism |
| Geographic subdivision | Mozambique |
| General subdivision | History |
| Chronological subdivision | 20th century. |
| 9 (RLIN) | 13115 |
| 651 #0 - SUBJECT ADDED ENTRY--GEOGRAPHIC NAME | |
| Geographic name | Angola |
| General subdivision | Politics and government |
| Chronological subdivision | 1961-1975. |
| 9 (RLIN) | 13116 |
| 651 #0 - SUBJECT ADDED ENTRY--GEOGRAPHIC NAME | |
| Geographic name | Angola |
| General subdivision | Politics and government |
| Chronological subdivision | 1975- |
| 9 (RLIN) | 13117 |
| 651 #0 - SUBJECT ADDED ENTRY--GEOGRAPHIC NAME | |
| Geographic name | Mozambique |
| General subdivision | Politics and government |
| Chronological subdivision | To 1975. |
| 9 (RLIN) | 13118 |
| 651 #0 - SUBJECT ADDED ENTRY--GEOGRAPHIC NAME | |
| Geographic name | Mozambique |
| General subdivision | Politics and government |
| Chronological subdivision | 1975-1994. |
| 9 (RLIN) | 13119 |
| 740 0# - ADDED ENTRY--UNCONTROLLED RELATED/ANALYTICAL TITLE | |
| Uncontrolled related/analytical title | Frontline nationalism in Angola and Mozambique. |
| 906 ## - LOCAL DATA ELEMENT F, LDF (RLIN) | |
| a | 7 |
| b | cbc |
| c | orignew |
| d | 1 |
| e | ocip |
| f | 19 |
| g | y-gencatlg |
| 942 ## - ADDED ENTRY ELEMENTS (KOHA) | |
| Source of classification or shelving scheme | Library of Congress Classification |
| Koha item type | Monograph ( Printed materials) |
| Withdrawn status | Lost status | Source of classification or shelving scheme | Damaged status | Not for loan | Collection code | Home library | Current library | Shelving location | Date acquired | Total Checkouts | Full call number | Barcode | Date last seen | Price effective from | Koha item type |
|---|---|---|---|---|---|---|---|---|---|---|---|---|---|---|---|
| Library of Congress Classification | Main Collection | ARRUPE LIBRARY | ARRUPE LIBRARY | Main Collection | 09/12/2014 | DT1402 .B57 1992 | 46500001168 | 07/12/2017 | 09/12/2014 | Monograph ( Printed materials) |